000 01217nam a2200325 i 4500
001 000021554
003 DO-SdBNP
005 20260323142635.0
007 ta
008 100909s1997 dr g n 001 0dspa d
040 _aDO-SdBNP
_bspa
_cBNPHU
_erda
041 _aspa
082 4 _a972.93054
_bF363y
_222
100 1 _aFernández Emilio Ludovino,
_d1928-
_eautor
_4aut.
_944926
245 1 0 _aYa es hora de hablar /
_cEmilio Ludovino Fernández ; prólogo, Cándido Gerón.
250 _aPrimera edición
264 _aSanto Domingo, República Dominicana :
_bEditora de Colores
_c1997.
300 _a371 páginas ;
_c24 cm.
336 _2rdacontent
_atexto
_btxt
337 _2rdamedia
_asin mediación
_bnc
338 _2rdacarrier
_avolumen
_bnc
500 _aIncluye datos biográficos del autor en la solapa de la cubierta.
590 _aInventariado, 2019/MFF
651 4 _aRepública Dominica
_xHistoria
_yEra de Trujillo, 1930-1961
_919019
651 4 _aRepública Dominicana
_xHistoria
_y1961-1965
_9480
651 4 _aRepública Dominica
_xHistoria
_yRevolución, 1965
_944927
700 1 _aGerón, Candido,
_d1948-
_eprologuista
_4pr.
_93577
910 _aValidado. Control de calidad EMS
942 _2ddc
_cLBS1
999 _c21053
_d21053